000 nam a22 7a 4500
999 _c9581
_d9581
008 180205b ||||| |||| 00| 0 eng d
100 _aJain,R.K.
_95729
245 _aPerfect ASC-XI
260 _aNew Delhi
_bAPC
_c2014